<The> Socioeconomic consequences of industrial development

Článok analyzuje štrukturálne zmeny v hospodárstve a ich dôsledky na sociálno-ekonomické prostredie na makroekonomickej úrovni. Analýza je založená na ich vzťahu k priemyslu, zamestnanosti, správaniu sa sociálnych systémov, výkonnosti podnikov spojených s rozvojom ľudského kapitálu, a mikroekonomick...

Descrizione completa

Salvato in:
Dettagli Bibliografici
Autore principale: Mertl, Jan
Altri autori: Valenčík, Radim
Natura: Capitolo di libro
Lingua:inglese
Soggetti:
Tags: Aggiungi Tag
Nessun Tag, puoi essere il primo ad aggiungerne!!

MARC

LEADER 00000nla a2200000 4500
001 0230395
005 20230425084103.8
041 0 |a eng 
044 |a CZ 
245 1 0 |a <The> Socioeconomic consequences of industrial development  |c Jan Mertl, Radim Valenčík 
520 |a Článok analyzuje štrukturálne zmeny v hospodárstve a ich dôsledky na sociálno-ekonomické prostredie na makroekonomickej úrovni. Analýza je založená na ich vzťahu k priemyslu, zamestnanosti, správaniu sa sociálnych systémov, výkonnosti podnikov spojených s rozvojom ľudského kapitálu, a mikroekonomickej pozícii jednotlivých subjektov. Koncept štvrtej priemyselnej revolúcie. 
610 2 0 |a vývoj hospodársky 
610 2 0 |a zamestnávatelia 
610 2 0 |a sociológia priemyselná 
610 2 0 |a rast hospodársky 
610 2 0 |a rast mikroekonomický 
610 2 0 |a revolúcia priemyselná 
100 1 |a Mertl, Jan 
700 1 |a Valenčík, Radim